A Direct road to peace and happiness in church and state.

Bibliographic Details
Format: Microform Book
Language:English
Series:Early English books, 1641-1700 ; 1329:12.
Subjects:

MARC

Tag First Indicator Second Indicator Subfields
LEADER 00000cam a2200000 a 4500
001 in00000881908
005 20150923154948.0
007 hd afv---baca
007 hz bfv---baaa
008 830518s1696 miu a 00000 eng d
035 |a (OCoLC)09523530 
035 |9 AEM0541AM 
037 |a CL0037000045  |b University Microfilms International 
037 |b University Microfilms International, 300 N. Zeeb Rd., Ann Arbor, MI 48106 
040 |a UMI  |c UMI  |d m/c  |d UtOrBLW 
043 |a e-uk--- 
045 2 |b d1689  |b d1702 
049 |a TXAI 
090 |a DA463 1696  |b .D47 
099 |a film   |a  B   |a  3609 
245 0 2 |a A Direct road to peace and happiness in church and state. 
264 3 |a London :  |b Printed for the author,  |c 1696. 
300 |a 10 unnumbered pages, 32 pages 
336 |a text  |b txt  |2 rdacontent 
337 |a microform  |b h  |2 rdamedia 
338 |a microfilm reel  |b hd  |2 rdacarrier 
500 |a Reproduction of original in the Union Theological Seminary Library, New York. 
510 4 |a Wing  |c D1525A. 
533 |a Microfilm.  |b Ann Arbor, Mich. :  |c University Microfilms International,  |d 1982.  |e 1 microfilm reel ; 35 mm.  |f (Early English books, 1641-1700 ; 1329:12) 
500 |a Microform. 
651 0 |a Great Britain  |x Politics and government  |y 1689-1702. 
650 0 |a Church and state  |z England. 
610 2 0 |a Church of England  |x Controversial literature. 
830 0 |a Early English books, 1641-1700 ;  |v 1329:12. 
999 |a MARS 
999 f f |s 85fa3dae-aa5b-3f4f-aff1-1312a5968fd3  |i 4d185b4d-4fd9-3370-8334-254e95b7efb9  |t 0 
952 f f |p default  |a Texas A&M University  |b College Station  |c Sterling C. Evans Library  |d Evans: Microforms (3rd floor)  |t 0  |e film B 3609 1329:12  |h Other scheme  |i microform -- microfilm reel 
998 f f |a film B 3609 1329:12  |t 0  |l Evans: Microforms (3rd floor)